| 000 | 00512nam a2200169 a 4500 | ||
|---|---|---|---|
| 001 | 000027220 | ||
| 005 | 20200930030700.0 | ||
| 008 | 110330s1978 dr abc 000 0 spa d | ||
| 040 |
_aDO-SdBNP _bspa _cBNPHU |
||
| 082 |
_axxx _bM762b |
||
| 100 | 1 |
_aMontás, Argentina _930572 |
|
| 245 | 1 | 0 |
_aBosquejo de la historia de América / _cArgentina Montás. |
| 250 | _a11a ed | ||
| 260 |
_aSanto Domingo : _bAmigo del Hogar, _c1978. |
||
| 300 |
_a288 p. : _bil., mapa, retrs. ; _c23 cm. |
||
| 504 | _aBibliografía : p. 289 | ||
| 999 |
_c26712 _d26712 |
||